Statistiques concernant Éléments chimiques #2: Hélium

Cliquez ici pour prendre le quiz!

Statistiques générales

  • Ce quiz a été pris 24 fois
  • Le résultat moyen est 12 sur 21

Statistiques - réponses

QuestionsRéponses% Correct
Symbole de l’élément:He
100%
Nombre d’isotopes stables:2
95%
Nombre de proton:2
95%
Capacité thermique:5,19 J/g/K
95%
Nom en anglais:Helium
95%
Famille à laquelle il appartient:Les gaz rares
95%
Conductivité thermique:0,15 W/m/K
86%
Point de fusion:0,95 K | -272,2 °C | -458,0 °F
86%
Point d’ébullition:4,22 K | -268,9 °C | -452,1 °F
71%
Masse molaire:4 g/mol
71%
Étymologie du nom:Du grec: HéliosSoleil
71%
Nombre d’isotopes:8
67%
Couché électronique:1s²
33%
Date de découverte:1895
29%
Volume molaire:32,07 cm3/mole
24%
Abondance dans le Système Solaire:8,9%
24%
Abondance dans l’Univers:7,1%
19%
Structure cristalline principale:Hexagonale
14%
Énergie d’ionisation:2372,3 kJ/mol
10%
Découvreur:William Ramsay
10%
Masse volumique:124,8 kg/m³
5%

Distribution des résultats

Percentile par nombre de réponses

% des personnes avec chaque résultat

Votre développement - résultats

Vous n’avez pas pris ce quiz